Cost estimating for the Russian construction industry (Record no. 75955)

MARC details
000 -LEADER
fixed length control field 01037cab a2200205 4500
001 - CONTROL NUMBER
control field ##L131125
008 - FIXED-LENGTH DATA ELEMENTS--GENERAL INFORMATION
fixed length control field 051003n2005 000 0 eng u
035 ## - SYSTEM CONTROL NUMBER
System control number (Sirsi) u131125
041 0# - LANGUAGE CODE
Language code of text/sound track or separate title eng
100 1# - MAIN ENTRY--PERSONAL NAME
Personal name Fadeeva, Galina
245 00 - TITLE STATEMENT
Title Cost estimating for the Russian construction industry
260 ## - PUBLICATION, DISTRIBUTION, ETC.
Date of publication, distribution, etc. 2005
490 #4 - SERIES STATEMENT
Series statement The Cost Engineer
Volume/sequential designation 43(5) September 2005, 8-10(3)
520 ## - SUMMARY, ETC.
Summary, etc. Provides a brief description of cost estimating in the Russian construction industry. Explains the five methods of cost estimating in use, ie base and indices; base and extra expenses; present prices and tariffs; present prices, tariffs and indices; data bank of prices of erected or projected buildings. Outlines the three historic levels of cost estimating, and considers the new level established in 2001, based on State Unit Estimate Norms (SUEN) and Unit Price Norms (UPN).
590 ## - LOCAL NOTE (RLIN)
Local note IKA111005
651 #4 - SUBJECT ADDED ENTRY--GEOGRAPHIC NAME
Geographic name RUSSIA
651 #4 - SUBJECT ADDED ENTRY--GEOGRAPHIC NAME
Geographic name RUSSIA
690 ## - LOCAL SUBJECT ADDED ENTRY--TOPICAL TERM (OCLC, RLIN)
Topical term or geographic name as entry element BUILT ENVIRONMENT-QUANTITY SURVEYING-CONSTRUCTION COST ESTIMATING
942 ## - ADDED ENTRY ELEMENTS (KOHA)
Suppress in OPAC 0
Holdings
Withdrawn status Lost status Source of classification or shelving scheme Damaged status Not for loan Home library Current library Shelving location Date acquired Total Checkouts Full call number Barcode Date last seen Copy number Price effective from Koha item type
    Dewey Decimal Classification     London London Journal article 03/10/2005   L131125 131125-1001 06/08/2019 1 06/08/2019 Journal article